An asylum for fugitives : Published occasionally. ...

Bibliographic Details
Format: eBook
Language:English
Series:Eighteenth century collections online.
Online Access:Full text online

MARC

Tag First Indicator Second Indicator Subfields
LEADER 00000cam a2200000 4500
001 in00001925492
006 m | d |
007 cr |n||||||||n
008 810314m17761779enk|||| s 00||||eng d
005 20260406203918.5
035 |a (CStRLIN)ESTCT118927 
040 |a Uk-ES  |c Uk-ES  |d CStRLIN  |d Thomson Gale  |d UtOrBLW 
245 0 3 |a An asylum for fugitives :  |b Published occasionally. ... 
264 3 |a London :  |b printed for J. Almon,  |c 1776-79. 
300 |a 2 volumes ;  |c 8⁰. 
336 |a text  |b txt  |2 rdacontent 
337 |a computer  |b c  |2 rdamedia 
338 |a online resource  |b cr  |2 rdacarrier 
500 |a An anthology of verse, compiled by John Almon. 
500 |a Volume2 dated 1779. 
500 |a Volume2 is in two parts, each with separate pagination and register. 
500 |a Reproduction of original from the British Library. 
510 4 |a English Short Title Catalog,  |c ESTCT118927. 
533 |a Electronic reproduction.  |b Farmington Hills, Mich. :  |c Thomson Gale,  |d 2003.  |n Available via the World Wide Web.  |n Access limited by licensing agreements  |7 s2003 miunns 
500 |a Electronic resource. 
830 0 |a Eighteenth century collections online. 
856 4 0 |u http://proxy.library.tamu.edu/login?url=https://galenet.galegroup.com/servlet/ECCO?c=1&stp=Author&ste=11&af=BN&ae=T118927&tiPG=1&dd=0&dc=flc&docNum=CW113492378&vrsn=1.0&srchtp=a&d4=0.33&n=10&SU=0LRK&locID=txshracd2898  |z Full text online  |t 0 
999 |a MARS 
999 f f |s 31828dfe-bb4b-38e0-bce0-19d3400ef924  |i f50ff886-f4f9-3583-a3bc-4910fd75c63e  |t 0 
952 f f |a Texas A&M University  |b College Station  |c Electronic Resources  |s www_evans  |d Available Online  |t 0  |h No information provided 
998 f f |t 0  |l Available Online